00751nam a2200205 a 450000100060000000300090000600800410001501500210005602000180007704000280009504100120012310000280013524501000016326000940026330000290035750000450038652100350043165000440046670000350051026315CO-ViMGA141112s2004 ck r 000 u spa d ack - 2012 - xxxx a9789589159804 aCO-ViMGAbspacCO-ViMGA aspa ger1 aBerner, Rotraut Susanne10aEl perro y la liebre / cRotraut Susanne Berner ; traducción y adaptación de Susana Tornero aBarcelona : bEditorial Juventud ; Bogotá : bAlianza Distribuidora de Colombia, c2012 a75 p. : il. col. ; 25 cm aIncluye datos biográficos de la autora aPara ñiños de 4 a 6 años14aCuentos infantiles alemanes - Siglo XXI1 aTornero, Susana, traductor tr.